Čerpanie rozpočtových výdavkov za obdobie 01.-06.2011

Bibliographic Details
Format: Article
Language:Slovak
PhysicalDescription:Tab.
Subjects:

MARC

LEADER 00000nab a2200000 ar4500
001 vtls010297765
003 SK-MaSNL
005 20260305041132.0
008 110809c2011 xo qr|p|||||||000 b|slo
038 |a RVGKPD 
040 |a RVGKPD  |b slo  |c RVGKPD  |e AACR2 
041 |a slo 
044 |a xo  |c SK 
080 |a 352.9  |2 1997 
245 0 0 |a Čerpanie rozpočtových výdavkov za obdobie 01.-06.2011 
300 |b Tab. 
610 1 7 |a Štítnik (Slovensko).  |b Obecný úrad  |2 rvgkpd  |9 201683 
648 7 |a 2011  |2 rvgkpd  |9 328311 
650 0 7 |a rozpočty  |2 rvgkpd  |9 278841 
651 7 |a Štítnik (Slovensko)  |2 rvgkpd  |9 18458 
651 7 |a Rožňava (Slovensko : okres)  |2 rvgkpd  |9 19215 
773 0 |t Štítnické zvesti  |g Roč. X, č. 2 (august 2011), s. 5 
852 |a RVGKPD  |b KIS3G 
992 |a RBX 
999 |c 3342321  |d 3344251